000 03028nam a2200265Ia 4500
999 _c55367
_d55367
001 22445
003 GE_BSU
005 20250826185236.0
008 181216s2015||||ge |||||||||||||| ||geo||
020 _a9789941084805
040 _cGE_BSU
041 _ageo
080 _a316+314(479.22) პ-66
245 _aპოსტ-თავადაზნაურთა სოციალური ტრანსფორმაცია პოლონეთსა და საქართველოში :
_b პოლონეთის მეცნ. აკად ფილოსოფიისა და სოციოლოგიის ინსტიტუტის და საქ. მეცნ. ეროვნ. აკად. საზ. მეცნ. განყ-ბის დემოგრაფიის კომისიის პირველი ერთობლივი სოციოლოგიური სემინარის მასალები (ვარშავა, 2015) = The social transformation of Post-Nobles in Poland and Georgia : Institute of Philosophy and Sociology, Polish Academy of Sciences, and Demographic Commission of the Department of Social Sciences, the National Academy of Georgia, Materials of the first joint sociological seminar (Warsaw, 2015 /
_cსარედაქციო კოლეგია : ა. სულაბერიძე, ნ. გომელაური, ი. ქუთათელაძე, თ. ნამგალაშვილი ; წინასიტყვაობა როინ მეტრეველი
264 _aთბილისი :
_b (საქ. მეცნ. ეროვნული აკადემიის სტამბა),
_c2015.
300 _a64 გვ. :
_bფოტ. ;
_c20 სმ.
541 _h5 ლ.
546 _aთავფურ. და ტექსტი აგრეთვე ინგლ. ენაზე
653 _aვარშავა, 2015
653 _aთავადაზნაურობის სოციოლოგიური მდგომარეობა პოლონეთში
653 _aთავადაზნაურობის სოციოლოგიური მდგომარეობა საქართველოში
653 _aპოლონეთის მეცნ. აკად ფილოსოფიისა და სოციოლოგიის ინსტიტუტის და საქ. მეცნ. ეროვნ. აკად. საზ. მეცნ. განყ-ბის დემოგრაფიის კომისიის პირველი ერთობლივი სოციოლოგიური სემინარის მასალები
653 _aპოსტ-თავადაზნაურთა სოციალური ტრანსფორმაცია პოლონეთსა და საქართველოში
942 _cBK
_2udc